| 000 | 01540nam a2200229Ia 4500 | ||
|---|---|---|---|
| 001 | 19366 | ||
| 003 | GE_BSU | ||
| 008 | 181216s||||||||xx |||||||||||||| ||und|| | ||
| 040 | _cGE_BSU | ||
| 080 | _a622.272(075.8) | ||
| 245 | _aფენოვან საბადოთა მიწისქვეშა დამუშავების ტექნოლოგია | ||
| 245 | _bსახელმძღვ. უმაღლ. სასწავლებლების "მარგი წიაღისეულის საბადოთა მიწისქვეშა დამუშავების ტექნოლოგიისა და კომპლექსური მექანიზაციის" სპეციალობის სტუდენტებისათვის | ||
| 245 | _cა.ა. ბორისოვის საერთო რედ.[მთარგმ.ვ.ხუროშვილი,ვ.კურცხალია და სხვ,რედ:ე.ცისკარიშვილი] | ||
| 260 | _aთბილისი | ||
| 260 | _bგანათლება | ||
| 260 | _c1977 | ||
| 300 | _a602გვ;ილ,22სმ | ||
| 653 | _aინჟინერია | ||
| 653 | _aფენოვან საბადოთა მიწისქვეშა დამუშავების ტექნოლოგია | ||
| 653 | _aფენოვანი საბადოების მიწისქვეშა დამუშავება; | ||
| 942 | _cBK | ||
| 999 |
_c52348 _d52348 |
||